Responses for Show #7771 - Monday, May 28, 2018

Contestants

[<< previous game]

Dev Thakur, a psychiatrist from West Lebanon, New Hampshire

Andrea Schuelke, a tutor from Saint Paul, Minnesota

Virginia Cummings, a geriatrician from Randolph, Massachusetts (whose 1-day cash winnings total $35,201)

[next game >>]

Jeopardy! Round responses

NURSERY RHYME POLICE REPORT
SWINGERS OF SPORTS
THE STATE SHE GOVERNED
PALINDROMIC WORDS
THE BODY HUMAN
ON THE "T"ABLE
    $200 1
Mother Hubbard

Virginia
    $200 11
Mike Tyson

Andrea
    $200 21
Alaska

Dev
    $200 12
(Andrea: What is freelance?)

the gig economy

Andrea
Triple Stumper
    $200 17
your hair

Dev
    $200 6
a tureen

Andrea
    $400 2
Jack and Jill

Dev
    $400 27
Jack Nicklaus

Dev
    $400 22
Texas

Dev
    $400 13
ere

Andrea
    $400 18
taste

Dev
    $400 7
a truffle

Virginia
    $600 3
a pumpkin

Virginia
    $600 28
cricket

Dev
    $600 23
Michigan

Triple Stumper
    $600 14
bub

Triple Stumper
    $600 19
the trapezius

Andrea
    $600 8
Tecate

Virginia
    $800 4
a shoe

Andrea
    $800 29
[The end-of-round signal sounds.]

Cal Ripken Jr.

Triple Stumper
    $500 24
(Dev: What is Tennessee?)

Alabama

Dev
    $800 15
yay

Dev
    $800 20
the placenta

Dev
    $800 9
(Virginia: What is a teapot?)

a tankard

Virginia
Triple Stumper
    $1000 5
(Alex: He was talking to the pieman.)

Simple Simon

Triple Stumper
    $1000 25
(Alex: Less than a minute now.)

Arizona

Triple Stumper
    $1000 16
toot toot

Triple Stumper
    $1000 26
peristalsis

Dev
    $1000 10
tagine

Virginia

Scores at the first commercial break (after clue 15):

Virginia Andrea Dev
$2,000 $1,400 $1,200

Scores at the end of the Jeopardy! Round:

Virginia Andrea Dev
$2,000 $2,000 $4,700

Double Jeopardy! Round responses

3-NAMED PEOPLE
(Alex: We're gonna need all three names.)
MOVIES BY OSCAR-WINNING SONG
WORLD GEOGRAPHY
MEMORIAL DAY
BEACH SEASON
IT'S GETTING "HOT"
    $400 1
[Virginia selected the first clue.]

Billy Bob Thornton

Virginia
    $400 6
Mary Poppins

Virginia
    $400 11
the Indian Ocean

Virginia
    $400 21
Arlington National Cemetery

Dev
    $400 26
the blowhole

Dev
    $400 16
a hotline

Dev
    $800 2
Francis Scott Key

Dev
    $800 7
Slumdog Millionaire

Dev
    $800 12
Jakarta

Virginia
    $800 22
the poppy

Virginia
    $800 27
Brazil

Andrea
    $800 17
hot pants

Virginia
    $1,500 3
Frank Lloyd Wright

Dev
    $1200 8
Flashdance

Virginia
    $1200 13
the Volga

Dev
    $1200 23
"Taps"

Triple Stumper
    $1200 28
iron

Virginia
    $1200 18
a hot plate

Dev
    $1600 4
William Jennings Bryan

Andrea
    $1600 9
Selma

Virginia
    $1600 14
Georgetown

Virginia
    $1600 24
chuck wagons

Virginia
    $1600 29
the exoskeleton

Triple Stumper
    $1600 19
Hotspur

Virginia
    $2000 5
Mary Higgins Clark

Virginia
    $2000 10
Nashville

Triple Stumper
    $2000 15
the Atacama

Virginia
    $3,000 25
Gettysburg

Virginia
    $2000 30
beach berms

Triple Stumper
    $2000 20
a hot mike

Dev

Scores at the end of the Double Jeopardy! Round:

Virginia Andrea Dev
$21,400 $4,400 $13,400

[wagering suggestions for these scores]

Final Jeopardy! Round responses

19th CENTURY AUTHORS
AndreaWho is Wordsworth Twain
$4,000
DevWho is Thoreau?
$13,300
VirginiaWho is Charles Dickens
$5,401
Mark Twain

Final scores:

Virginia Andrea Dev
$15,999 $8,400 $100
2-day champion: $51,200 2nd place: $2,000 3rd place: $1,000

Game dynamics:

Coryat scores:

Virginia Andrea Dev
$20,400 $4,400 $13,600
20 R
(including 1 DD),
1 W
7 R,
1 W
19 R
(including 1 DD),
1 W
(including 1 DD)

Combined Coryat: $38,400

[game clues] [game scores] [suggest correction]

Game tape date: 2018-02-07
The J! Archive is created by fans, for fans. Scraping, republication, monetization, and malicious use prohibited; this site may use cookies and collect identifying information. See terms. The Jeopardy! game show and all elements thereof, including but not limited to copyright and trademark thereto, are the property of Jeopardy Productions, Inc. and are protected under law. This website is not affiliated with, sponsored by, or operated by Jeopardy Productions, Inc. Join the discussion at JBoard.tv.